<?xml version="1.0" encoding="UTF-8"?>
<record
    xmlns:xsi="http://www.w3.org/2001/XMLSchema-instance"
    xsi:schemaLocation="http://www.loc.gov/MARC21/slim http://www.loc.gov/standards/marcxml/schema/MARC21slim.xsd"
    xmlns="http://www.loc.gov/MARC21/slim">

  <leader>01395nam a2200337 u 4500</leader>
  <controlfield tag="003">CO-MdUADB</controlfield>
  <controlfield tag="005">20240909090235.0</controlfield>
  <controlfield tag="007">ta</controlfield>
  <controlfield tag="008">240802s2010    ck ||||gr|||| 00| fdspa d</controlfield>
  <datafield tag="020" ind1=" " ind2=" ">
    <subfield code="a">9588611512</subfield>
    <subfield code="q">ISNB-10</subfield>
  </datafield>
  <datafield tag="020" ind1=" " ind2=" ">
    <subfield code="a">9789588611518</subfield>
    <subfield code="q">ISNB-13</subfield>
  </datafield>
  <datafield tag="040" ind1=" " ind2=" ">
    <subfield code="a">CO-MdUADB</subfield>
    <subfield code="b">spa</subfield>
    <subfield code="c">CO-MdUADB</subfield>
    <subfield code="e">rda</subfield>
  </datafield>
  <datafield tag="041" ind1=" " ind2=" ">
    <subfield code="a">spa</subfield>
    <subfield code="h">fre</subfield>
  </datafield>
  <datafield tag="082" ind1="0" ind2="4">
    <subfield code="a">843</subfield>
  </datafield>
  <datafield tag="100" ind1="1" ind2=" ">
    <subfield code="a">Camus, Albert,</subfield>
    <subfield code="d">1913-1960</subfield>
    <subfield code="e">aut</subfield>
    <subfield code="9">324048</subfield>
  </datafield>
  <datafield tag="245" ind1="1" ind2="3">
    <subfield code="a">La peste</subfield>
  </datafield>
  <datafield tag="250" ind1=" " ind2=" ">
    <subfield code="a">1.&#xAA; edici&#xF3;n</subfield>
  </datafield>
  <datafield tag="264" ind1=" " ind2="1">
    <subfield code="a">Bogot&#xE1; :</subfield>
    <subfield code="b">Debolsillo, </subfield>
    <subfield code="c">2010</subfield>
  </datafield>
  <datafield tag="300" ind1=" " ind2=" ">
    <subfield code="a">255 p&#xE1;ginas</subfield>
  </datafield>
  <datafield tag="490" ind1="1" ind2=" ">
    <subfield code="a">Contempor&#xE1;nea</subfield>
    <subfield code="a">Biblioteca Albert Camus</subfield>
  </datafield>
  <datafield tag="520" ind1="3" ind2=" ">
    <subfield code="a">La peste es, sin lugar a dudas, una de las novelas m&#xE1;s importantes que se hayan escrito en Francia despu&#xE9;s de la Segunda Guerra Mundial. Su contenido moral se manifiesta de golpe en un s&#xED;mbolo, m&#xE1;s poderoso que cualquier desarrollo te&#xF3;rico: una epidemia de peste en la ciudad de Or&#xE1;n representa una era de tormentos y muerte en el mundo. (Tomado de la contracubierta)</subfield>
  </datafield>
  <datafield tag="650" ind1=" " ind2="7">
    <subfield code="2">lemb</subfield>
    <subfield code="9">40812</subfield>
    <subfield code="a">Literatura francesa</subfield>
  </datafield>
  <datafield tag="650" ind1=" " ind2="7">
    <subfield code="2">lemb</subfield>
    <subfield code="9">70</subfield>
    <subfield code="a">Novela francesa</subfield>
  </datafield>
  <datafield tag="650" ind1=" " ind2="7">
    <subfield code="2">lemb</subfield>
    <subfield code="9">17226</subfield>
    <subfield code="a">Autores franceses</subfield>
  </datafield>
  <datafield tag="650" ind1=" " ind2="7">
    <subfield code="2">lemb</subfield>
    <subfield code="9">1789</subfield>
    <subfield code="a">Existencialismo</subfield>
  </datafield>
  <datafield tag="653" ind1=" " ind2=" ">
    <subfield code="a">Novela filos&#xF3;fica</subfield>
  </datafield>
  <datafield tag="700" ind1=" " ind2=" ">
    <subfield code="9">695636</subfield>
    <subfield code="a">Chacel Arim&#xF3;n, Rosa</subfield>
    <subfield code="d">1898-1944</subfield>
    <subfield code="e">trl</subfield>
  </datafield>
  <datafield tag="830" ind1=" " ind2="0">
    <subfield code="9">853581</subfield>
    <subfield code="a">Contempor&#xE1;nea (Debolsillo)</subfield>
  </datafield>
  <datafield tag="830" ind1=" " ind2=" ">
    <subfield code="9">866068</subfield>
    <subfield code="a">Biblioteca Albert Camus (Debolsillo)</subfield>
  </datafield>
  <datafield tag="942" ind1=" " ind2=" ">
    <subfield code="2">ddc</subfield>
    <subfield code="c">BOOK</subfield>
  </datafield>
  <datafield tag="999" ind1=" " ind2=" ">
    <subfield code="c">721795</subfield>
    <subfield code="d">721795</subfield>
  </datafield>
  <datafield tag="952" ind1=" " ind2=" ">
    <subfield code="0">0</subfield>
    <subfield code="1">0</subfield>
    <subfield code="2">ddc</subfield>
    <subfield code="4">0</subfield>
    <subfield code="7">0</subfield>
    <subfield code="8">COLIT</subfield>
    <subfield code="a">BC</subfield>
    <subfield code="b">BC</subfield>
    <subfield code="d">2011-09-26</subfield>
    <subfield code="e">Alejandr&#xED;a Libros</subfield>
    <subfield code="g">29000.00</subfield>
    <subfield code="i">C1126972</subfield>
    <subfield code="l">8</subfield>
    <subfield code="m">2</subfield>
    <subfield code="o">843 C211p 2010 e2</subfield>
    <subfield code="p">800803</subfield>
    <subfield code="r">2025-10-25 12:48:03</subfield>
    <subfield code="s">2025-09-11</subfield>
    <subfield code="t">1</subfield>
    <subfield code="w">2023-05-01</subfield>
    <subfield code="y">BOOK</subfield>
  </datafield>
  <datafield tag="952" ind1=" " ind2=" ">
    <subfield code="0">0</subfield>
    <subfield code="1">0</subfield>
    <subfield code="4">0</subfield>
    <subfield code="7">0</subfield>
    <subfield code="8">COLIT</subfield>
    <subfield code="a">BC</subfield>
    <subfield code="b">BC</subfield>
    <subfield code="d">2011-09-26</subfield>
    <subfield code="e">Alejandr&#xED;a Libros</subfield>
    <subfield code="g">29000.00</subfield>
    <subfield code="i">C1126969</subfield>
    <subfield code="l">11</subfield>
    <subfield code="m">1</subfield>
    <subfield code="o">843 C211p 2010</subfield>
    <subfield code="p">800802</subfield>
    <subfield code="r">2025-11-23 12:08:47</subfield>
    <subfield code="s">2025-11-23</subfield>
    <subfield code="t">1</subfield>
    <subfield code="w">2023-05-01</subfield>
    <subfield code="y">BOOK</subfield>
  </datafield>
  <datafield tag="952" ind1=" " ind2=" ">
    <subfield code="0">0</subfield>
    <subfield code="1">0</subfield>
    <subfield code="2">ddc</subfield>
    <subfield code="4">0</subfield>
    <subfield code="7">0</subfield>
    <subfield code="8">COLIT</subfield>
    <subfield code="a">BC</subfield>
    <subfield code="b">BC</subfield>
    <subfield code="d">2015-08-21</subfield>
    <subfield code="e">Material pagado con el mismo t&#xED;tulo</subfield>
    <subfield code="f">REPO</subfield>
    <subfield code="g">16000.00</subfield>
    <subfield code="i">C1231287</subfield>
    <subfield code="l">9</subfield>
    <subfield code="m">1</subfield>
    <subfield code="o">843 C211p 2010 e4</subfield>
    <subfield code="p">01006888</subfield>
    <subfield code="r">2026-05-08 09:40:59</subfield>
    <subfield code="s">2026-02-19</subfield>
    <subfield code="t">1</subfield>
    <subfield code="w">2023-05-03</subfield>
    <subfield code="y">BOOK</subfield>
    <subfield code="z">1&#xAA; reimpresi&#xF3;n de 2011 y 2013, 2.&#xAA; reimpresi&#xF3;n de 2014</subfield>
  </datafield>
  <datafield tag="952" ind1=" " ind2=" ">
    <subfield code="0">0</subfield>
    <subfield code="1">0</subfield>
    <subfield code="2">ddc</subfield>
    <subfield code="4">0</subfield>
    <subfield code="7">0</subfield>
    <subfield code="8">COLIT</subfield>
    <subfield code="a">BC</subfield>
    <subfield code="b">BC</subfield>
    <subfield code="d">2020-02-04</subfield>
    <subfield code="e">Material adquirido por donaci&#xF3;n</subfield>
    <subfield code="g">17800.00</subfield>
    <subfield code="i">C1326235</subfield>
    <subfield code="l">15</subfield>
    <subfield code="m">2</subfield>
    <subfield code="o">843 C211p 2010 e3</subfield>
    <subfield code="p">01069536</subfield>
    <subfield code="q">2026-04-23</subfield>
    <subfield code="r">2026-03-19 15:52:04</subfield>
    <subfield code="s">2026-03-19</subfield>
    <subfield code="t">2</subfield>
    <subfield code="w">2023-05-03</subfield>
    <subfield code="y">BOOK</subfield>
    <subfield code="z">1&#xAA; reimpresi&#xF3;n de 2011 y 2013</subfield>
  </datafield>
  <datafield tag="952" ind1=" " ind2=" ">
    <subfield code="0">0</subfield>
    <subfield code="1">0</subfield>
    <subfield code="4">0</subfield>
    <subfield code="7">0</subfield>
    <subfield code="8">GENERAL</subfield>
    <subfield code="a">BSONS</subfield>
    <subfield code="b">BSONS</subfield>
    <subfield code="d">2021-08-17</subfield>
    <subfield code="e">Librer&#xED;a Universidad de Antioquia</subfield>
    <subfield code="g">26900.00</subfield>
    <subfield code="i">C13315161</subfield>
    <subfield code="l">1</subfield>
    <subfield code="o">843 C211pe 2019</subfield>
    <subfield code="p">01089282</subfield>
    <subfield code="r">2025-03-15 10:44:27</subfield>
    <subfield code="s">2025-02-19</subfield>
    <subfield code="t">3</subfield>
    <subfield code="w">2023-05-03</subfield>
    <subfield code="y">BOOK</subfield>
  </datafield>
  <datafield tag="952" ind1=" " ind2=" ">
    <subfield code="0">0</subfield>
    <subfield code="1">0</subfield>
    <subfield code="2">ddc</subfield>
    <subfield code="4">0</subfield>
    <subfield code="7">0</subfield>
    <subfield code="8">GENERAL</subfield>
    <subfield code="a">BNORD</subfield>
    <subfield code="b">BNORD</subfield>
    <subfield code="d">2024-07-19</subfield>
    <subfield code="e">Compra: Librer&#xED;a CIS</subfield>
    <subfield code="f">COMP</subfield>
    <subfield code="g">34500.00</subfield>
    <subfield code="l">0</subfield>
    <subfield code="o">843 C211p 2010</subfield>
    <subfield code="p">01110611</subfield>
    <subfield code="r">2025-09-15 10:43:44</subfield>
    <subfield code="w">2024-07-25</subfield>
    <subfield code="y">BOOK</subfield>
  </datafield>
</record>
